000 00856nam a2200229 a 4500
001 BRCA_2037
005 20190320203639.0
008 010808s1997----mx-a---###---#000-0#spa-#
041 _aspa
044 _amx
050 4 _aN6553
_b.B27 1997
100 1 _aBarberena Blásquez, Elsa
_96082
245 1 0 _aÍndice a la Base de Datos Artes, de la revista Artes de México
_bnueva serie, números 1 al 34 (1988-1996)
_cresponsable del proyecto Elsa Barberena ; becario CONACYT Guillermo García Olvera.
260 _aMéxico
_bUNAM, Facultad de Filosofía y Letras : CONACYT
_c1997
300 _a1 v. (sin paginación)
_bil., diagramas
_c29 cm.
500 _aEjemplar engargolado
500 _aPor política no se presta a domicilio
650 1 4 _aArte mexicano
_vÍndice
_96084
700 1 _aGarcía Olvera, Guillermo
_96227
902 _aeng
942 _2lcc
_cB
999 _c1803
_d1803